000 00755nam a22002657a 4500
003 CHAP
005 20220329140252.0
008 971013s r 00010 d
010 _a49492
011 _a50464
035 _a54614
040 _cCHAP
090 _aFolleto 7018
100 0 0 _aRobinson, Laren R.
_998001
245 _aCuidado del huerto familiar
260 _a(s.l.) :
_bBrigham Young University. Ezra Taft Benson Institute,
_c(s.a.)
300 _a(s.p.)
590 _aBATCH-UPD
_b10
_c20130110
_lUCH01
_h0508
590 _aCONVERSION
_b10
_c20130109
_lUCH01
_h1327
650 1 4 _aHorticultura.
_956291
700 0 _aFrank, William C.
_943023
901 _aBK
942 _cFOLL
949 _aFolleto 7018
_bBC
_cFOLL
_d-120398
_eTS1
_i54614
_si
999 _c49492
_d49492